00550nam a2200181Ia 450000500170000000800410001702000140005804000190007204100120009108200200010324500830012326000480020630000140025450400500026865000160031870000240033485000100035820221213103928.0131103s9999 xx 000 0 und d a521698820 aLoreto College aEnglish a821.91bYEA-HOW 4aThe Cambridge companion to W.B. YeatscEdited by Marjorie Howes and John Kelly aCambridgebCambrodge University Pressc2006 axvi,242p  aIncludes bibliographical references and index aYeats, W.B. aHowes, Marjorie, ed aLCLIB